The Japanese nation : Its land, its people and its life

保存先:
書誌詳細
第一著者: Inazo, Ota Nitobe
フォーマット: 図書
言語:Undetermined
出版事項: New York G. P. Putnam's Sons 1912
主題:
タグ: タグ追加
タグなし, このレコードへの初めてのタグを付けませんか!
Thư viện lưu trữ: Trung tâm Học liệu Trường Đại học Cần Thơ
LEADER 00533nam a2200193Ia 4500
001 CTU_112045
008 210402s9999 xx 000 0 und d
082 |a 915.2 
082 |b N731 
100 |a Inazo, Ota Nitobe 
245 4 |a The Japanese nation : 
245 0 |b Its land, its people and its life 
245 0 |c Inazo Ota Nitobe 
260 |a New York 
260 |b G. P. Putnam's Sons 
260 |c 1912 
650 |a Japan,Japan 
650 |x Social life and customs 
980 |a Trung tâm Học liệu Trường Đại học Cần Thơ